000 00497nam a2200133Ia 4500
008 220620s9999||||xx |||||||||||||| ||und||
020 _a9782890000000
245 0 _aSelf-Domestication and Human Evolution
546 _aEnglish[eng]
650 _aself-domestication||human evolution||culture||language||cognition
700 _aBenítez-Burraco, Antonio||Kempe, Vera||Clay, Zanna
856 _uhttps://www.frontiersin.org/research-topics/8858/self-domestication-and-human-evolution
942 _cEB
999 _c21847
_d21847